Statystyki dla Tabela wszechczasów Ekstraklasy

Kliknij tutaj aby rozwiązać quiz!

Ogólne statystyki

  • Ten quiz został rozwiązany 106 razy
    (105 od ostatniego zresetowania)
  • Średni wynik to 15 z 20

Statystyki odpowiedzi

MiejscePunktyKlub% Poprawnych
52366Lech Poznań
100%
13482Legia Warszawa
100%
22927Wisła Kraków
96%
111331Cracovia
89%
42428Ruch Chorzów
89%
71677Pogoń Szczecin
88%
81591Śląsk Wrocław
88%
131007Lechia Gdańsk
86%
91403Widzew Łódź
85%
32453Górnik Zabrze
84%
61785ŁKS Łódź
81%
14966Polonia Warszawa
78%
18822Jagiellonia Białystok
77%
101401Zagłębie Lubin
66%
121030GKS Katowice
58%
19658Korona Kielce
55%
17835Stal Mielec
45%
16879Polonia Bytom
41%
15918Zagłębie Sosnowiec
31%
20645Szombierki Bytom
21%

Rozkład punktacji

Percentyl według liczby udzielonych odpowiedzi

Procent ludzi z każdym wynikiem

Twoja historia wyników

Nie rozwiązałeś tego quizu od ostatniego zresetowania